Super cool forces and motion activities with Max Axiom

Bibliographic Details
Main Author: Biskup, Agnieszka
Format: Book
Published: North Mankato, Minnesota : Capstone Press , 2015
Series:Graphic library. Science and engineering activities
Subjects:

MARC

LEADER 00000cam a2200000 7i4500
001 0000278603
005 20200918111750.0
020 |a 9781491422830 
090 0 0 |a 531.6   |b BIS 
100 1 |a Biskup, Agnieszka 
245 1 0 |a Super cool forces and motion activities with Max Axiom   |c by Agnieszka Biskup 
260 |a North Mankato, Minnesota :   |b Capstone Press ,   |c 2015 
300 |a 32p. :   |b ill. ;   |c 24cm. 
490 0 |a Graphic library. Science and engineering activities 
650 0 |a Force and energy   |x Experiments   |v Comic books, strips, etc. 
650 0 |a Force and energy   |x Experiments   |v Juvenile literature 
650 0 |a Motion   |x Experiments   |v Comic books, strips, etc. 
650 0 |a Motion   |x Experiments   |v Juvenile literature 
999 |a 00377554   |b BUKU   |c JUNIOR BOOKS   |e PERPUSTAKAAN KOMUNITI PETALING JAYA